Responses for show #7162 - Tuesday, November 3, 2015

Contestants

Lisa Price, a recent college graduate from Columbus, Ohio

Ryan Mewett, a Naval officer originally from Plano, Texas

Marcus Lewis, a tutor from Brooklyn, New York (whose 1-day cash winnings total $14,399)

Jeopardy! Round responses

THE CIVIL WAR
COUNTRY BORDERS
D.C. TV
MARY, MARY
QUITE CONTRARY
WHAT DOES YOUR GARDEN GROW?
    $200 7
Fort Sumter

Lisa
    $200 14
Germany

Ryan
    $200 1
The Blacklist

Marcus
    $200 20
Typhoid Mary

Ryan
    $200 21
hostile

Marcus
    $400 10
Mary Todd Lincoln

Marcus
    $400 15
Sudan

Ryan
    $400 2
Real Housewives

Marcus
    $400 6
Mary, Queen of Scots

Ryan
    $400 22
bullish (or bull-headed)

Ryan
    $600 11
Richmond, Virginia

Marcus
    $600 16
Serbia

Ryan
    $600 3
(Ryan: What is The Man From U.N.C.L.E.?)

Get Smart

RyanLisa
    $600 8
Mary Landrieu

Marcus
    $600 23
a dissident

Triple Stumper
    $600 28
[The end-of-round signal sounds.]

corns

Marcus
    $800 12
Stonewall Jackson

Ryan
    $800 17
(Ryan: What is Honduras?)

Belize

RyanLisa
    $800 4
Bones

Marcus
    $800 9
Mary Lou Retton

Ryan
    $800 24
(Alex: You got it, with less than a minute to go now.)

diametrically

Ryan
    $800 27
squash

Lisa
    $1000 13
(Ryan: Who is Scott?)

George McClellan

Ryan
Triple Stumper
    $1000 18
Peru

Ryan
    $1000 5
Alpha House

Triple Stumper
    $1,800 19
Mary Shelley

Ryan
    $1000 25
(Ryan: What is antiestablishment?)

nonconformist

Ryan
Triple Stumper
    $1000 26
(Ryan: What are carrots?)

onions

Ryan
Triple Stumper

Scores at the first commercial break (after clue 15):

Marcus Ryan Lisa
$3,000 $1,000 $800

Scores at the end of the Jeopardy! Round:

Marcus Ryan Lisa
$3,800 $3,000 $2,400

Double Jeopardy! Round responses

ADVENTURE & EXPLORATION
MUSICAL QUOTES
CEREMONIES
ONOMATOPOEIA
SHORT STORIES
SHOW "TIME"
    $400 23
circumnavigate the globe

Marcus
    $400 12
conduct

Marcus
    $400 9
swearing-in

Ryan
    $400 8
the celebrated jumping frog of Calaveras County

Triple Stumper
    $400 1
One Day at a Time

Lisa
    $800 13
the bagpipes

Ryan
    $800 10
the Olympic torch

Ryan
    $800 21
a murmur

Triple Stumper
    $800 7
Walter Mitty

Ryan
    $800 2
[Lisa gave the second part of the response sheepishly after Alex had already accepted the first part.]

Real Time with Bill Maher

Lisa
    $1200 22
(Lisa: What is Newfoundland?)
(Marcus: What is Newfoundland & Labrador?)

Labrador

MarcusRyanLisa
    $1200 14
a march

Ryan
    $1200 11
a Zeppelin (or an airship)

Marcus
    $1200 19
slurp

Marcus
    $3,000 6
(Marcus: Who is... Baloo?)

Rikki-Tikki-Tavi

Marcus
    $1200 3
Adventure Time

Marcus
    $1600 24
(Alex: You are right, with less than a minute now.)

James Cameron

Marcus
    $1600 15
(Brian) Epstein

Marcus
    $9,000 17
the archbishop of Canterbury

Ryan
    $1600 20
[Marcus gave both listed responses, after Alex indicated the first listed response was acceptable.]

bop (or bebop)

Marcus
    $1600 26
"Brokeback Mountain"

Lisa
    $1600 4
Time Bandits

Marcus
    $2000 28
[The end-of-round signal sounds.]

Laika

Ryan
    $2000 16
a piano

Ryan
    $2000 18
(Ryan: What is mezcal?)
(Lisa: What is a saguaro?)

peyote

MarcusRyanLisa
    $2000 27
hiccup

Triple Stumper
    $2000 25
the monkey's paw

Triple Stumper
    $2000 5
Modern Times

Marcus

Scores at the end of the Double Jeopardy! Round:

Marcus Ryan Lisa
$14,400 $19,200 $2,000

[wagering suggestions for these scores]

Final Jeopardy! Round responses

20th CENTURY BUSINESSMEN
(Alex: And the man's company is still involved in aviation in Seattle.)
LisaWho was Boeing?
$1,998
MarcusWho is Doug Boeing?
$14,400
RyanWho is Boeing?
$9,601
Boeing

Final scores:

Marcus Ryan Lisa
$28,800 $28,801 $3,998
2nd place: $2,000 New champion: $28,801 3rd place: $1,000

Game dynamics:

Coryat scores:

Marcus Ryan Lisa
$17,400 $11,000 $2,000
19 R,
2 W
(including 1 DD)
20 R
(including 2 DDs),
6 W
7 R,
2 W

Combined Coryat: $30,400

The J! Archive is created by fans, for fans. The Jeopardy! game show and all elements thereof, including but not limited to copyright and trademark thereto, are the property of Jeopardy Productions, Inc. and are protected under law. This website is not affiliated with, sponsored by, or operated by Jeopardy Productions, Inc. Join the discussion at JBoard.tv.